| LEADER | 00959cam a2200289 a 4500 | ||
|---|---|---|---|
| 001 | u412230 | ||
| 003 | SIRSI | ||
| 008 | 970612s1996 si v 00 10 chi m | ||
| 035 | |a ACD-2972 | ||
| 040 | |a UMM | ||
| 041 | 0 | |a chi |b eng | |
| 090 | |a B126 |b Won | ||
| 100 | 1 | 0 | |a Wong, Wun Bin. |
| 245 | 1 | 4 | |a The doctrines of the way of heaven, human nature, and the mandate of heaven in the teachings of Confucius and Mencius / |c by Wong Wun Bin. |
| 260 | |c 1996. | ||
| 300 | |a vi, 79 leaves : |b ill. ; |c 30 cm. | ||
| 500 | |a Parallel title in Chinese. | ||
| 500 | |a Text in Chinese with English summary. | ||
| 502 | |a Dissertation (M.A.) -- National University of Singapore, 1996. | ||
| 504 | |a Bibliography: leaves 76-79. | ||
| 600 | 0 | 0 | |a Confucius. |
| 600 | 0 | 0 | |a Mencius. |
| 650 | 0 | |a Philosophy, Chinese. | |
| 650 | 0 | |a Heaven. | |
| 948 | |a 12/06/1997 |b 25/11/2000 | ||
| 596 | |a 1 | ||
| 999 | |a B126 WON |w LC |c 1 |i A506941868 |d 23/10/2001 |l STACKS |m P01UTAMA |n 2 |r Y |s Y |t TESIS |u 19/8/1997 | ||
